000 00297nam a2200121Ia 4500
008 240731s9999 xx 000 0 und d
022 _a1532-8031
245 0 _aUnderstanding Statistics
260 _bRoutledge
856 _uhttps://www.tandfonline.com/loi/hzzk20
942 _2ddc
942 _cTFEJ
999 _c80222
_d80222
945 _a1
_bMadushi Gamage
_c1
_dMadushi Gamage